Los conquistadores españoles /

Narración pormenorizada del proceso de descubrimiento, conquista y colonización realizada por los españoles entre 1492 y 1550 en diversas partes de América. Presenta una semblanza razonablemente aceptable de los principales actores de estas acometidas no exentas de aventuras: Colón, Cortés, Magallan...

Fuld beskrivelse

Guardado en:
Bibliografiske detaljer
Hovedforfatter: Kirkpatrick, Frederick Alexander (autor)
Format: Bog
Sprog:spansk
Udgivet: Buenos Aires, Argentina : Espasa-Calpe, 1940, c1940
Serier:(Austral ; 130)
Fag:
Tags: Tilføj Tag
Ingen Tags, Vær først til at tagge denne postø!

MARC

LEADER 00000nam^a2200000^a^4500
001 000102979
005 20250521000000.0
009 20260310093330.5
037 |a Acervo ITESO - Biblioteca 
041 |a ESP 
082 |a 808.  |b AUS V. 130 
100 |a Kirkpatrick, Frederick Alexander  |e (autor) 
240 1 5 |a [Los conquistadores españoles, de F.A. Kirkpatrick] 
245 1 4 |a Los conquistadores españoles /  |c F.A. Kirkpatrick ; tr. por Rafael Vázquez Zamora. 
264 4 |a Buenos Aires, Argentina :  |b Espasa-Calpe,  |c 1940, c1940 
300 |a 284 p. 
336 |a texto  |b txt  |2 rdacontenido 
337 |a sin mediación  |b n  |2 rdamedio 
338 |a volumen  |b nc  |2 rdasoporte 
440 1 |a (Austral ;  |v 130) 
520 |a Narración pormenorizada del proceso de descubrimiento, conquista y colonización realizada por los españoles entre 1492 y 1550 en diversas partes de América. Presenta una semblanza razonablemente aceptable de los principales actores de estas acometidas no exentas de aventuras: Colón, Cortés, Magallanes y El Cano, Vaca de Castro, Núñez de Vela, Pedro Lagasca, entre otros. Describe también las formas de organización política y económica que se establecieron en las colonias. Se trata de una visión inglesa de este período de la historia, que pretende evitar posiciones políticas o religiosas. 
649 |a XX 
650 |a Conquistadores Españoles -  |x Biografías -  |x Tema Principal 
650 |a Exploradores y Viajeros Españoles -  |x Biografías 
650 |a América -  |x Historia -  |y Descubrimiento y Exploración 
650 |a América -  |x Historia -  |y Epoca Colonial 
650 |a América -  |x Historia 
910 |a Fondo Jesús Rodríguez 
920 |a Impresos - Libros 
930 |a Fondos Especiales 
940 |a Literatura 
905 |a 113 
901 |a 0500039993  |b IT2  |c ESP  |u 20250521 
902 |a https://opac.biblio.iteso.mx/vufind/Record/000102979